Contemporary issues criticism: (Record no. 9967)
[ view plain ]
| 000 -LEADER | |
|---|---|
| fixed length control field | 01026nac a22002891u 4500 |
| 010 ## - | |
| -- | 83641399 |
| 020 ## - INTERNATIONAL STANDARD BOOK NUMBER | |
| International Standard Book Number | 0810315505 |
| 022 0# - | |
| -- | 0732-7455 |
| 035 ## - SYSTEM CONTROL NUMBER | |
| System control number | (OCoLC)ocm08416024 |
| 082 0# - DEWEY DECIMAL CLASSIFICATION NUMBER | |
| Classification number | 909.8205 |
| Item number | CON |
| 090 ## - LOCALLY ASSIGNED LC-TYPE CALL NUMBER (OCLC); LOCAL CALL NUMBER (OCLC) | |
| -- | 9967 |
| -- | 9967 |
| 100 ## - MAIN ENTRY--PERSONAL NAME | |
| Personal name | 20080729 |
| 245 00 - TITLE STATEMENT | |
| Title | Contemporary issues criticism: |
| Remainder of title | Ecerpts from criticism of contemporary writings in sociology, economics, politics, psychology, anthropology, education, history, law, biography, and related fields |
| 246 30 - VARYING FORM OF TITLE | |
| Title proper/short title | C.I.C. |
| 246 30 - VARYING FORM OF TITLE | |
| Title proper/short title | CIC |
| 260 ## - | |
| -- | Detroit, Mich. : |
| -- | Gale Research Co.,1982-1984 |
| -- | c1982-1984 |
| 300 ## - PHYSICAL DESCRIPTION | |
| Extent | 2 v. : |
| Other physical details | ill. ; |
| Dimensions | 29 cm. |
| 336 ## - CONTENT TYPE | |
| Source | rdacontent |
| Content type term | text |
| Content type code | txt |
| 337 ## - MEDIA TYPE | |
| Media type term | unmediated |
| Source | rdamedia |
| Media type code | n |
| 338 ## - CARRIER TYPE | |
| Carrier type term | volume |
| Carrier type code | nc |
| Source | rdacarrier |
| 500 ## - GENERAL NOTE | |
| General note | Donations |
| 500 ## - GENERAL NOTE | |
| General note | Donations: AUC |
| 511 ## - | |
| -- | Catalogued by: wessam |
| 650 #0 - SUBJECT ADDED ENTRY--TOPICAL TERM | |
| Topical term or geographic name as entry element | Civilization, Modern |
| Chronological subdivision | 20th century |
| General subdivision | Book reviews |
| Form subdivision | Periodicals. |
| 650 #0 - SUBJECT ADDED ENTRY--TOPICAL TERM | |
| Topical term or geographic name as entry element | Books |
| General subdivision | Reviews |
| Form subdivision | Periodicals. |
| 942 ## - ADDED ENTRY ELEMENTS (KOHA) | |
| Koha item type | NB - Book (Non borrowing) |
| Call number prefix | 909.8205CON |
| Classification part | RDA-MOD |
| Withdrawn status | Lost status | Damaged status | Not for loan | Home library | Current library | Shelving location | Date acquired | Source of acquisition | Total Checkouts | Full call number | Barcode | Date last seen | Price effective from | Koha item type |
|---|---|---|---|---|---|---|---|---|---|---|---|---|---|---|
| Central Library | Central Library | Second Floor | 08/07/2008 | Purchase | 909.8205CON | 000013370 | 24/08/2022 | 08/07/2008 | NB - Book (Non borrowing) | |||||
| Central Library | Central Library | Second Floor | 08/07/2008 | Purchase | 909.8205CON | 000013368 | 24/08/2022 | 08/07/2008 | NB - Book (Non borrowing) |